Fairburn´s laughable songster, or, Heigh cockolorum jig, for 1807, being an excellent collection of laughable, whimsical, original, fashionable and favorite songs, now singing and lately sung at the theatres Royal, Sadler´s Wells, Vauxhall, &c. ... (Record no. 6800)
[ view plain ]
| 000 -CABECERA | |
|---|---|
| campo de control de longitud fija | 00958nam a2200229 a 4500 |
| 001 - NÚMERO DE CONTROL | |
| campo de control | BRCA_7119 |
| 005 - FECHA Y HORA DE LA ÚLTIMA TRANSACCIÓN | |
| campo de control | 20190321142922.0 |
| 008 - DATOS DE LONGITUD FIJA--INFORMACIÓN GENERAL | |
| campo de control de longitud fija | 301211s1806----enka######---#000-0#eng-# |
| 041 ## - CÓDIGO DE LENGUA | |
| Código de lengua del texto/banda sonora o título independiente | eng |
| 044 ## - CÓDIGO DEL PAÍS DE LA ENTIDAD EDITORA/PRODUCTORA | |
| Código MARC del país | enk |
| 050 #4 - SIGNATURA TOPOGRÁFICA DE LA BIBLIOTECA DEL CONGRESO | |
| Número de documento/Ítem | .C74 1807 |
| 100 1# - ENTRADA PRINCIPAL--NOMBRE DE PERSONA | |
| Nombre de persona | Cruikshank, George |
| 9 (RLIN) | 17694 |
| 245 10 - MENCIÓN DE TÍTULO | |
| Título | Fairburn´s laughable songster, or, Heigh cockolorum jig, for 1807, being an excellent collection of laughable, whimsical, original, fashionable and favorite songs, now singing and lately sung at the theatres Royal, Sadler´s Wells, Vauxhall, &c. ... |
| Mención de responsabilidad, etc. | Embellished with a laughable frontispiece of the laughing pair ´How I love to laugh´ - Grimaldi. |
| 260 ## - PUBLICACIÓN, DISTRIBUCIÓN, ETC. | |
| Lugar de publicación, distribución, etc. | Londres |
| Nombre del editor, distribuidor, etc. | Published by John Fairburn, 146, Minories |
| Fecha de publicación, distribución, etc. | [1807] |
| 300 ## - DESCRIPCIÓN FÍSICA | |
| Extensión | 48 p. |
| Otras características físicas | il. a color |
| Dimensiones | 18 cm. |
| 500 ## - NOTA GENERAL | |
| Nota general | Estado fisíco: hojas manchadas y rotas. |
| 500 ## - NOTA GENERAL | |
| Nota general | Ex libris de: William Hartmann Woodin |
| 500 ## - NOTA GENERAL | |
| Nota general | O149 |
| 650 14 - PUNTO DE ACCESO ADICIONAL DE MATERIA--TÉRMINO DE MATERIA | |
| Término de materia o nombre geográfico como elemento de entrada | Canciones |
| 9 (RLIN) | 17695 |
| 902 ## - CATALOGADOR | |
| Iniciales | GFM |
| 942 ## - ELEMENTOS DE PUNTO DE ACCESO ADICIONAL (KOHA) | |
| Fuente del sistema de clasificación o colocación | Library of Congress Classification |
| Tipo de ítem Koha | Libros |
| Estado de retiro | Estado de pérdida | Estado dañado | No para préstamo | Localización permanente | Ubicación/localización actual | Fecha de adquisición | Número de inventario | Total de préstamos | Signatura topográfica completa | Código de barras | Fecha visto por última vez | Precio válido a partir de | Tipo de ítem Koha |
|---|---|---|---|---|---|---|---|---|---|---|---|---|---|
| El ejemplar forma parte de la colección y puede ser consultado según las políticas vigentes. | Biblioteca del Museo Franz Mayer (Rogerio Casas-Alatriste) | Biblioteca del Museo Franz Mayer (Rogerio Casas-Alatriste) | 30/12/2011 | O149 | .C74 1807 (O149) | 7566 | 22/03/2019 | 22/03/2019 | Libros |